[Event "XXXII Festival A"]
[Site "Arco ITA"]
[Date "2010.10.22"]
[Round "7"]
[White "Panjkovic, Aleksandar"]
[Black "Teodonio, Fabrizio"]
[Result "1-0"]
[WhiteElo "2137"]
[BlackElo "2002"]
[PlyCount "56"]
[EventDate "2010.10.16"]

1. c4 Nf6 2. g3 g6 3. Bg2 Bg7 4. Nc3 O-O 5. e4 d6 6. Nge2 e5 7. O-O c5 8. d3
Nc6 9. h3 Nh5 10. g4 Nf6 11. Bg5 h6 12. Be3 h5 13. f3 Nd4 14. Qd2 Kh7 15. Nd5
Nxe2+ 16. Qxe2 Nxd5 17. cxd5 f5 18. gxh5 gxh5 19. f4 Qe8 20. Bf3 h4 21. Bh5 Qe7
22. Qg2 Rg8 23. Bg6+ Kh8 24. Kh1 fxe4 25. Qxe4 Bh6 26. f5 Bg7 27. Qg4 Bf6 28.
Qh5+ Kg7 1-0

[Event "XXXII Festival A"]
[Site "Arco ITA"]
[Date "2010.10.22"]
[Round "7"]
[White "Pistone, Salvatore"]
[Black "Bottesi, Gianluca"]
[Result "1/2-1/2"]
[WhiteElo "1725"]
[BlackElo "1704"]
[PlyCount "51"]
[EventDate "2010.10.16"]

1. c4 Nf6 2. Nf3 d6 3. g3 c5 4. Bg2 g6 5. O-O Bg7 6. Nc3 O-O 7. d4 Na6 8. Re1
cxd4 9. Nxd4 Rb8 10. a3 Nc5 11. b4 Ne6 12. e3 a6 13. Bb2 Qc7 14. Nd5 Nxd5 15.
cxd5 Nxd4 16. Bxd4 Bxd4 17. Qxd4 Bd7 18. Rac1 Qd8 19. Rc3 b5 20. Rec1 Rb7 21.
e4 Qb8 22. f4 Rc8 23. e5 Rbc7 24. Rxc7 Rxc7 25. Rxc7 Qxc7 26. Qe3 1/2-1/2

[Event "XXXII Festival A"]
[Site "Arco ITA"]
[Date "2010.10.22"]
[Round "7"]
[White "Pretto, Aldo"]
[Black "Pedrotti, Luciano"]
[Result "0-1"]
[WhiteElo "1741"]
[BlackElo "1833"]
[PlyCount "118"]
[EventDate "2010.10.16"]

1. Nf3 Nc6 2. g3 e6 3. Bg2 d5 4. O-O Nf6 5. d3 Be7 6. Nbd2 O-O 7. e4 dxe4 8.
dxe4 e5 9. c3 Bg4 10. h3 Bh5 11. Qe1 Bc5 12. a4 a6 13. a5 Qd3 14. g4 Bg6 15.
Nh4 Rad8 16. Nxg6 fxg6 17. Qd1 h6 18. Qb3+ Kh7 19. Qxb7 Qd7 20. b4 Rb8 21. Qxa6
Nxb4 22. cxb4 Bxb4 23. Qe2 Qd4 24. Ra2 Nd7 25. Ba3 Bxa3 26. Rxa3 Rb2 27. Rd3
Qa4 28. Qd1 Qc6 29. Nf3 Nc5 30. Nxe5 Qb5 31. Rd2 Ne6 32. Rxb2 Qxb2 33. Nd3 Qd4
34. Qe2 c5 35. Rd1 Qc3 36. Qd2 Qd4 37. Qc2 Rd8 38. Bf3 Qf6 39. Be2 Nd4 40. Qa2
c4 41. Nb4 Rf8 42. Bxc4 Nf3+ 43. Kh1 Qf4 44. Kg2 Qh2+ 45. Kf1 Qh1+ 46. Ke2 Ng1+
47. Rxg1 Qxg1 48. Nd3 Qg2 49. a6 Qxe4+ 50. Kd2 Qd4 51. Kc1 Rc8 52. Nb2 Qc3+ 53.
Kb1 Qe1+ 54. Kc2 Qxf2+ 55. Kd1 Rd8+ 56. Nd3 Rxd3+ 57. Kc1 Qe1+ 58. Kb2 Qc3+ 59.
Kb1 Rd1# 0-1

[Event "XXXII Festival A"]
[Site "Arco ITA"]
[Date "2010.10.22"]
[Round "7"]
[White "Prezzi, Adriano"]
[Black "Knors, Rudi"]
[Result "0-1"]
[WhiteElo "1682"]
[BlackElo "2123"]
[PlyCount "50"]
[EventDate "2010.10.16"]

1. d4 d5 2. c4 c6 3. Nf3 Nf6 4. Nc3 dxc4 5. a4 Bf5 6. Ne5 e6 7. e3 Bb4 8. Bxc4
O-O 9. O-O Nbd7 10. Nxd7 Qxd7 11. Qe2 Rfe8 12. Rd1 Rad8 13. Bd2 Bc2 14. Rdc1
Bg6 15. Rd1 Qc7 16. f3 Bd6 17. g3 e5 18. d5 e4 19. f4 Bh5 20. Qf1 Bxd1 21. Rxd1
Bc5 22. Qe2 cxd5 23. Ba2 a6 24. b4 Ba7 25. Rc1 Qd7 0-1

[Event "XXXII Festival A"]
[Site "Arco ITA"]
[Date "2010.10.22"]
[Round "7"]
[White "Proietti, Tosca"]
[Black "Caldara, Sisto"]
[Result "0-1"]
[WhiteElo "1840"]
[BlackElo "1813"]
[PlyCount "120"]
[EventDate "2010.10.16"]

1. e4 d6 2. Nc3 Nf6 3. Bc4 c6 4. d3 b5 5. Bb3 Nbd7 6. Nge2 Bb7 7. O-O e5 8. Ng3
a6 9. Nf5 h6 10. a3 g6 11. Ne3 h5 12. h3 Qb6 13. Qe2 Be7 14. Kh1 Qc7 15. Qd1
Rd8 16. Bd2 Nb6 17. Qe2 d5 18. exd5 cxd5 19. Ned1 h4 20. f4 Nh5 21. Be1 Nxf4
22. Rxf4 exf4 23. Nf2 f5 24. d4 Nc4 25. Nd3 g5 26. Qe6 Rd6 27. Qxf5 Rf8 28. Qg4
Bc8 29. Qh5+ Kd8 30. Bxc4 dxc4 31. Ne5 Bf6 32. Ne4 Bxe5 33. dxe5 Rd4 34. Qxg5+
Qe7 35. Ba5+ Kd7 36. Qxe7+ Kxe7 37. Bb4+ Kf7 38. Bxf8 Kxf8 39. Ng5 Rd2 40. Nf3
Rxc2 41. Rd1 Ke7 42. Nxh4 Rxb2 43. Ng6+ Ke8 44. Nxf4 Ra2 45. Ng6 Rxa3 46. Rf1
Re3 47. Rf8+ Kd7 48. Rf6 Kc7 49. Rf7+ Kb6 50. Rf6+ Ka5 51. Ne7 Bb7 52. e6 c3
53. Rf2 Rxe6 54. Nf5 Re1+ 55. Kh2 Rd1 56. Ne3 Rd2 57. Rf5 Kb4 58. Rf4+ Kb3 59.
Rf1 Re2 60. Rf7 Be4 0-1

[Event "XXXII Festival A"]
[Site "Arco ITA"]
[Date "2010.10.22"]
[Round "7"]
[White "Rampini, Carlo"]
[Black "Grinza, Andrea"]
[Result "1-0"]
[WhiteElo "1791"]
[BlackElo "2239"]
[PlyCount "85"]
[EventDate "2010.10.16"]

1. e4 c6 2. d4 d5 3. exd5 cxd5 4. Bd3 Nc6 5. c3 Nf6 6. Bf4 Bg4 7. Qb3 Qc8 8. h3
Bh5 9. g4 Bg6 10. Bxg6 hxg6 11. Nd2 e6 12. Ngf3 Nxg4 13. Rg1 Rxh3 14. Ng5 Rh5
15. Rxg4 e5 16. Qxd5 Rxg5 17. Rxg5 exf4 18. O-O-O Be7 19. Rh1 Qd7 20. Rh8+ Bf8
21. Qc5 Qe7 22. Ne4 O-O-O 23. Qxe7 Bxe7 24. Rxd8+ Nxd8 25. Rg1 b6 26. d5 Nb7
27. b4 Kd7 28. Kc2 Nd6 29. Kd3 Nxe4 30. Kxe4 g5 31. f3 g6 32. b5 Kd6 33. c4 f5+
34. Kd3 Bf6 35. a4 Kd7 36. Rh1 g4 37. fxg4 fxg4 38. Rh6 g3 39. Rxg6 Ke7 40. Ke4
Kf7 41. Rg4 Bd8 42. Rxf4+ Ke7 43. Rg4 1-0

[Event "XXXII Festival A"]
[Site "Arco ITA"]
[Date "2010.10.22"]
[Round "7"]
[White "Roversi, Stefano"]
[Black "Nanni, Sergio"]
[Result "1-0"]
[WhiteElo "1859"]
[BlackElo "1698"]
[PlyCount "33"]
[EventDate "2010.10.16"]

1. e4 e5 2. Nf3 Nc6 3. Bb5 a6 4. Ba4 Bc5 5. O-O Nf6 6. Qe2 O-O 7. Nc3 d5 8.
exd5 Nd4 9. Nxd4 exd4 10. Ne4 Nxd5 11. Nxc5 b5 12. Bb3 Re8 13. Qf3 c6 14. d3
Re5 15. Bd2 Qe7 16. Rae1 Rxe1 17. Rxe1 1-0

[Event "XXXII Festival A"]
[Site "Arco ITA"]
[Date "2010.10.22"]
[Round "7"]
[White "Salati, Paolo"]
[Black "Schaberg, Wolfgang"]
[Result "0-1"]
[WhiteElo "1861"]
[BlackElo "1941"]
[PlyCount "78"]
[EventDate "2010.10.16"]

1. e4 c5 2. Nf3 d6 3. d4 cxd4 4. Nxd4 Nf6 5. Nc3 a6 6. Bg5 e6 7. Be2 Be7 8. Qd2
Qc7 9. O-O O-O 10. Rad1 b5 11. a3 Bb7 12. Bf3 Nbd7 13. Rfe1 Rfd8 14. Qe3 Rac8
15. Rd2 Ne5 16. Be2 Ng6 17. f3 h6 18. Bxf6 Bxf6 19. Red1 Bg5 20. Qf2 Bxd2 21.
Rxd2 d5 22. Bd3 Nf4 23. Bf1 dxe4 24. g3 Nh5 25. fxe4 Qe5 26. Nf3 Rxd2 27. Qxd2
Qc5+ 28. Kh1 Nf6 29. Bd3 e5 30. Kg2 Rd8 31. Qe2 g5 32. Nd2 Kg7 33. Nb3 Qb6 34.
Nd2 b4 35. axb4 Qxb4 36. Nd1 Nxe4 37. Nxe4 f5 38. c3 Bxe4+ 39. Bxe4 Qxe4+ 0-1

[Event "XXXII Festival A"]
[Site "Arco ITA"]
[Date "2010.10.22"]
[Round "7"]
[White "Savarese, Vincenzo"]
[Black "Tomassoni, Leonardo"]
[Result "0-1"]
[WhiteElo "1808"]
[BlackElo "1935"]
[PlyCount "52"]
[EventDate "2010.10.16"]

1. e4 c5 2. c3 Nf6 3. e5 Nd5 4. d4 cxd4 5. Nf3 e6 6. cxd4 Nc6 7. Nc3 Bb4 8. Bd2
a6 9. Bd3 Qa5 10. Rc1 Bxc3 11. bxc3 Qxa2 12. O-O Qa3 13. Ng5 Qe7 14. Qf3 h6 15.
Ne4 O-O 16. Bxh6 f5 17. Bg5 fxe4 18. Qxe4 Qxg5 19. Qh7+ Kf7 20. Qh3 Nf4 21. Qf3
Ke7 22. Bb1 b5 23. Rfe1 Bb7 24. Be4 a5 25. c4 Nxd4 26. Qd1 Bxe4 0-1

[Event "XXXII Festival A"]
[Site "Arco ITA"]
[Date "2010.10.22"]
[Round "7"]
[White "Savinova, Yulia"]
[Black "Ludwig, Timm"]
[Result "0-1"]
[WhiteElo "1820"]
[BlackElo "1670"]
[PlyCount "103"]
[EventDate "2010.10.16"]

1. d4 Nf6 2. c4 d6 3. Nf3 g6 4. Nc3 Bg7 5. e4 O-O 6. Be2 Nbd7 7. O-O c5 8. d5
a6 9. Qc2 Qc7 10. h3 Ne5 11. Bf4 Nh5 12. Bh2 f5 13. Nxe5 dxe5 14. Bxh5 gxh5 15.
Qe2 fxe4 16. Qxh5 Bf5 17. Qe2 Rf6 18. Nxe4 Rg6 19. Bg3 Rf8 20. Kh2 Bh6 21. Rad1
Bf4 22. Rd3 Kh8 23. Rf3 Rfg8 24. Rg1 Bg4 25. Qd3 Bxf3 26. gxf3 Qc8 27. Qf1 b6
28. Nc3 Qd7 29. Ne2 Qf5 30. Bxf4 Rxg1 31. Nxg1 Qxf4+ 32. Kh1 Qd2 33. h4 Qf4 34.
Qh3 Qc1 35. Qh2 Qxb2 36. h5 Qd4 37. Nh3 Qd1+ 38. Ng1 Rxg1+ 39. Qxg1 Qxg1+ 40.
Kxg1 Kg7 41. Kf1 Kh6 42. Ke2 Kxh5 43. Ke3 Kg5 44. Ke4 Kf6 45. f4 exf4 46. Kxf4
b5 47. Ke4 b4 48. d6 exd6 49. Kd5 Ke7 50. Kc6 a5 51. Kb5 h5 52. Kxa5 0-1

[Event "XXXII Festival A"]
[Site "Arco ITA"]
[Date "2010.10.22"]
[Round "7"]
[White "Savoia, Sergio"]
[Black "Valenti, Giuseppe"]
[Result "0-1"]
[WhiteElo "1909"]
[BlackElo "2162"]
[PlyCount "150"]
[EventDate "2010.10.16"]

1. b3 Nf6 2. Bb2 e6 3. c4 c5 4. a3 b6 5. Nf3 Bb7 6. e3 Be7 7. Be2 O-O 8. Qc2
Nc6 9. O-O d5 10. cxd5 exd5 11. d3 Rc8 12. Nbd2 Bd6 13. Rfd1 Qe7 14. Bf1 Rfe8
15. Re1 Qd8 16. Rad1 h6 17. g3 Bb8 18. Bh3 Rc7 19. e4 d4 20. Nh4 Bc8 21. Bxc8
Qxc8 22. Kg2 g6 23. h3 Qd8 24. f4 Rc8 25. Ndf3 Kg7 26. Bc1 Rh8 27. g4 Qd7 28.
Rg1 h5 29. g5 Ng4 30. Qe2 Qe6 31. f5 Qd6 32. Qe1 Rce8 33. fxg6 fxg6 34. hxg4
hxg4 35. Kf1 Ref8 36. Rxg4 Ne5 37. Bf4 Qe6 38. Nf5+ gxf5 39. exf5 Qxf5 40.
Bxe5+ Bxe5 41. Qe4 Qxf3+ 42. Qxf3 Rxf3+ 43. Ke2 Re3+ 44. Kf2 Rh2+ 45. Rg2 Re2+
46. Kxe2 Rxg2+ 47. Kf3 Rxg5 48. Ke4 Bc7 49. b4 Re5+ 50. Kf3 Re3+ 51. Kg4 Kg6
52. b5 Bd6 53. a4 Rg3+ 54. Kh4 Rg2 55. Kh3 Ra2 56. Re1 Kf6 57. Kg4 Rxa4 58. Kf3
Rb4 59. Re8 Rxb5 60. Ke4 a5 61. Kd5 Be7 62. Rh8 Rb1 63. Rh6+ Kg5 64. Re6 Bf6
65. Kc4 a4 66. Re2 a3 67. Ra2 Rb4+ 68. Kd5 Rb3 69. Kc4 Rc3+ 70. Kb5 Rxd3 71.
Kxb6 c4 72. Kb5 Rc3 73. Kc6 d3 74. Kd5 Rc2 75. Ra1 Bxa1 0-1

[Event "XXXII Festival A"]
[Site "Arco ITA"]
[Date "2010.10.22"]
[Round "7"]
[White "Schuetzler, Bernd"]
[Black "Weinberg, Emanuele"]
[Result "1-0"]
[WhiteElo "1707"]
[BlackElo "1815"]
[PlyCount "120"]
[EventDate "2010.10.16"]

1. e4 Nf6 2. e5 Nd5 3. d4 d6 4. c4 Nb6 5. exd6 cxd6 6. Nc3 Nc6 7. Be3 g6 8. Bd3
Bg7 9. Nge2 O-O 10. b3 e5 11. Be4 f5 12. Bxc6 bxc6 13. d5 c5 14. O-O f4 15. Bd2
Bf5 16. f3 Nd7 17. Ne4 Bxe4 18. fxe4 Nf6 19. Nc3 Qd7 20. h3 Nh5 21. Be1 Bh6 22.
Bh4 a6 23. Qe2 Ng3 24. Bxg3 fxg3 25. Rf3 Rxf3 26. Qxf3 Bf4 27. Ne2 Rf8 28. Kh1
h5 29. Nxg3 h4 30. Ne2 Bg3 31. Qd3 Bf2 32. Ng1 Bd4 33. Rf1 Qe7 34. Rxf8+ Qxf8
35. Qf3 Qe7 36. Qg4 Kg7 37. Nf3 Bf2 38. Ng5 Bg3 39. Ne6+ Kh6 40. Qf3 Kh7 41.
Qf8 Qxf8 42. Nxf8+ Kg7 43. Ne6+ Kf6 44. Kg1 Be1 45. Kf1 Bd2 46. Ke2 Bc3 47. Kf3
Bd2 48. Kg4 Be1 49. Nc7 a5 50. Ne6 Bf2 51. Ng5 Be3 52. Ne6 Bf2 53. Ng5 Be3 54.
Nf3 g5 55. g3 hxg3 56. Kxg3 Kg6 57. h4 gxh4+ 58. Nxh4+ Kf6 59. Nf5 Bf4+ 60. Kg4
Bd2 1-0

[Event "XXXII Festival A"]
[Site "Arco ITA"]
[Date "2010.10.22"]
[Round "7"]
[White "Sigillo, Carmelo"]
[Black "Mulone, Gaspare"]
[Result "1-0"]
[WhiteElo "1807"]
[BlackElo "1708"]
[PlyCount "69"]
[EventDate "2010.10.16"]

1. e4 d6 2. Nf3 e5 3. d4 exd4 4. Nxd4 Bd7 5. Bc4 Be7 6. O-O Nf6 7. Nc3 O-O 8.
Bf4 a6 9. Re1 b5 10. Bb3 c5 11. Nd5 cxd4 12. Nxe7+ Qxe7 13. Bxd6 Qxd6 14. e5
Qb6 15. exf6 Qxf6 16. Qd3 Bc6 17. Rad1 b4 18. Qxd4 Qxd4 19. Rxd4 a5 20. Re7 Be8
21. Rde4 Na6 22. R4e5 Nb8 23. Rxe8 Nd7 24. Rxa8 Rxa8 25. Re7 Nc5 26. Bc4 Na4
27. Rxf7 Kh8 28. b3 Nc3 29. f4 g6 30. Bd3 Nxa2 31. f5 Nc1 32. Bc4 a4 33. bxa4
Rxa4 34. f6 b3 35. Rf8# 1-0

[Event "XXXII Festival A"]
[Site "Arco ITA"]
[Date "2010.10.22"]
[Round "7"]
[White "Sigmund, Ingenuin"]
[Black "Martinez, Guido"]
[Result "0-1"]
[WhiteElo "1801"]
[BlackElo "1915"]
[PlyCount "92"]
[EventDate "2010.10.16"]

1. e4 d6 2. d4 g6 3. f4 Bg7 4. Nf3 Nd7 5. c3 c6 6. Bd3 Qb6 7. Nbd2 Nh6 8. Nc4
Qc7 9. O-O O-O 10. Ne3 b6 11. Ng5 c5 12. e5 e6 13. Nc4 d5 14. Nd6 Nb8 15. g4
Nc6 16. Be3 Ne7 17. Qe2 Bd7 18. Rf2 f6 19. Nh3 f5 20. g5 Nf7 21. Nb5 Qc6 22.
Na3 c4 23. Bc2 Rfc8 24. Rf3 b5 25. Bd2 Qb6 26. Bd1 Nc6 27. Nc2 a5 28. a3 Bf8
29. Qe1 Kg7 30. Kg2 Be7 31. Ng1 b4 32. axb4 axb4 33. Rxa8 Rxa8 34. cxb4 Ra2 35.
Bc3 Nxb4 36. Nxb4 Bxb4 37. Ne2 Bxc3 38. bxc3 Ra1 39. Qd2 Qb1 40. Rf1 Ra2 41.
Qe3 Ra1 42. Ng3 Ra2+ 43. Be2 Qb2 44. Kf3 Ra3 45. Rc1 Ba4 46. Qd2 Qxd2 0-1

[Event "XXXII Festival A"]
[Site "Arco ITA"]
[Date "2010.10.22"]
[Round "7"]
[White "Sprea, Giuseppe"]
[Black "La Manna, Andrea"]
[Result "0-1"]
[WhiteElo "1982"]
[BlackElo "2196"]
[PlyCount "94"]
[EventDate "2010.10.16"]

1. c4 f5 2. Nf3 Nf6 3. g3 g6 4. Bg2 Bg7 5. O-O O-O 6. Nc3 d6 7. d4 Qe8 8. d5 a5
9. Rb1 Na6 10. b3 Bd7 11. Nd4 Nc5 12. f3 c6 13. e4 fxe4 14. fxe4 Ng4 15. Nce2
Ne5 16. Rxf8+ Qxf8 17. Bf4 h6 18. Qc2 g5 19. Bd2 Qf7 20. Rf1 Qh5 21. Bc1 Ncd3
22. Nf5 Bxf5 23. exf5 c5 24. Kh1 Ng4 25. h3 Ndf2+ 26. Rxf2 Nxf2+ 27. Kh2 Ng4+
28. Kg1 Ne5 29. a4 Nf3+ 30. Kh1 Ne1 31. Qe4 Nxg2 32. Kxg2 Qf7 33. Bd2 Bf6 34.
Be3 Bb2 35. g4 Qf6 36. Ng3 Qe5 37. Qxe5 Bxe5 38. Nh5 Ra6 39. Kf3 Rb6 40. Ke4
Rxb3 41. Bxc5 Rc3 42. Bxd6 exd6 43. f6 Rxc4+ 44. Kf5 Kf7 45. h4 gxh4 46. g5
hxg5 47. Kxg5 h3 0-1

[Event "XXXII Festival A"]
[Site "Arco ITA"]
[Date "2010.10.22"]
[Round "7"]
[White "Stolfa, Rodolfo"]
[Black "Pajcin, Jovan"]
[Result "1-0"]
[WhiteElo "1876"]
[BlackElo "1869"]
[PlyCount "49"]
[EventDate "2010.10.16"]

1. d4 d5 2. c4 Nf6 3. Nf3 e6 4. Bg5 Be7 5. e3 c6 6. Be2 dxc4 7. Bxc4 Nbd7 8.
O-O Nb6 9. Bd3 Nbd5 10. Nc3 h6 11. Bh4 O-O 12. Ne5 Nb4 13. Bb1 Nfd5 14. Bxe7
Qxe7 15. a3 Nxc3 16. bxc3 Nd5 17. Qd3 g6 18. f4 h5 19. Rf3 Kh8 20. Nxg6+ fxg6
21. Qxg6 Nf6 22. Qh6+ Nh7 23. Bxh7 Rf6 24. Bg6+ Kg8 25. Rg3 1-0

[Event "XXXII Festival A"]
[Site "Arco ITA"]
[Date "2010.10.22"]
[Round "7"]
[White "Szabo, Bence"]
[Black "Zucchelli, Massimo"]
[Result "1/2-1/2"]
[WhiteElo "2375"]
[BlackElo "2160"]
[PlyCount "63"]
[EventDate "2010.10.16"]

1. d4 d5 2. c4 e6 3. Nc3 Nf6 4. cxd5 exd5 5. Bg5 Be7 6. e3 Nbd7 7. Qc2 c6 8.
Bd3 O-O 9. Nge2 Re8 10. O-O Nf8 11. f3 Be6 12. Rae1 Rc8 13. Kh1 N6d7 14. Bxe7
Qxe7 15. Qd2 Nb6 16. e4 dxe4 17. fxe4 Bc4 18. Bc2 Rcd8 19. Rf3 c5 20. d5 Bxe2
21. Nxe2 Ng6 22. Rff1 Ne5 23. Ng3 g6 24. Qf4 Rd6 25. Ne2 Kg7 26. Ng1 Rf6 27.
Qc1 Rxf1 28. Rxf1 Rc8 29. Nf3 Nbc4 30. b3 Nd6 31. Qb2 f6 32. Qa3 1/2-1/2

[Event "XXXII Festival A"]
[Site "Arco ITA"]
[Date "2010.10.22"]
[Round "7"]
[White "Thonig, Manfred"]
[Black "Marini, Lucio"]
[Result "0-1"]
[WhiteElo "1607"]
[BlackElo "1883"]
[PlyCount "65"]
[EventDate "2010.10.16"]

1. f4 Nf6 2. Nf3 g6 3. e3 Bg7 4. d4 d6 5. c4 c6 6. Nc3 Bf5 7. Bd3 Qd7 8. O-O
Bxd3 9. Qxd3 d5 10. c5 Qf5 11. Qxf5 gxf5 12. Nh4 e6 13. Nf3 Nbd7 14. Ne5 h5 15.
b4 a6 16. a4 Ke7 17. Rf3 Ne4 18. Ne2 Bf6 19. Rh3 h4 20. Ra3 Bxe5 21. dxe5 a5
22. Nd4 axb4 23. Ra1 Ndxc5 24. a5 Kd7 25. Rf3 Rhg8 26. Kf1 Rg4 27. Rh3 Rag8 28.
Ra2 Nc3 29. Rc2 Ra8 30. Bd2 Rxa5 31. Bxc3 bxc3 32. Rxc3 Ra1+ 33. Kf2 0-1

[Event "XXXII Festival A"]
[Site "Arco ITA"]
[Date "2010.10.22"]
[Round "7"]
[White "Trois, Francisco R.T."]
[Black "Sautto, Alessandra"]
[Result "1-0"]
[WhiteElo "2309"]
[BlackElo "1955"]
[PlyCount "45"]
[EventDate "2010.10.16"]

1. c4 Nf6 2. Nf3 c5 3. Nc3 Nc6 4. e3 e6 5. d4 cxd4 6. exd4 d5 7. a3 dxc4 8.
Bxc4 Be7 9. O-O O-O 10. Re1 a6 11. Bb3 Qd6 12. Be3 Na5 13. Ba2 b5 14. d5 exd5
15. b4 Nb7 16. Nxd5 Nxd5 17. Qxd5 Bf6 18. Rad1 Qxd5 19. Bxd5 g6 20. Bd4 Bxd4
21. Nxd4 Rd8 22. Nc6 Rxd5 23. Re8+ 1-0

[Event "XXXII Festival A"]
[Site "Arco ITA"]
[Date "2010.10.22"]
[Round "7"]
[White "Vaselli, Luciano"]
[Black "Roessner, Uwe"]
[Result "0-1"]
[WhiteElo "1732"]
[BlackElo "1902"]
[PlyCount "76"]
[EventDate "2010.10.16"]

1. d4 d6 2. c4 e5 3. e3 exd4 4. exd4 Nf6 5. Bd3 Be7 6. Nf3 O-O 7. O-O d5 8. Qb3
dxc4 9. Bxc4 Nc6 10. Re1 Na5 11. Qc2 Nxc4 12. Qxc4 Be6 13. Qc2 h6 14. Be3 c6
15. Nc3 Qc7 16. Rac1 Rad8 17. Ne5 Nd5 18. Qd2 Nxe3 19. Qxe3 Rfe8 20. d5 Bxd5
21. Nxd5 Rxd5 22. Ng4 Qb6 23. Qg3 Kf8 24. Rc4 Bd6 25. Rxe8+ Kxe8 26. Re4+ Kf8
27. Qf3 Qxb2 28. g3 Rd4 29. Re2 Rd2 30. Re4 Rd4 31. Re2 Qc1+ 32. Kg2 Qg5 33.
Ne3 Rf4 34. h4 Qg6 35. h5 Qg5 36. Nc4 Rxf3 37. Nxd6 Rxg3+ 38. fxg3 Qd5+ 0-1

[Event "XXXII Festival A"]
[Site "Arco ITA"]
[Date "2010.10.22"]
[Round "7"]
[White "Von Wantoch, Markus"]
[Black "Galas, Franco"]
[Result "1-0"]
[WhiteElo "1927"]
[BlackElo "1794"]
[PlyCount "71"]
[EventDate "2010.10.16"]

1. e4 c5 2. Nc3 Nc6 3. g3 g6 4. Bg2 Bg7 5. d3 b6 6. f4 e6 7. Nf3 Nge7 8. O-O
O-O 9. Be3 Rb8 10. d4 cxd4 11. Nxd4 Bb7 12. Ndb5 Ba6 13. a4 f5 14. e5 Rc8 15.
Rf2 Na5 16. Nxa7 Rc7 17. Bxb6 Qb8 18. Bxc7 Qxc7 19. Nab5 Bxb5 20. Nxb5 Qc8 21.
Qd6 Nec6 22. Qc7 Qe8 23. Nd6 Qe7 24. b4 Nxe5 25. Rd1 Ng4 26. Re2 Nc6 27. Bxc6
g5 28. Qxd7 Qxd7 29. Bxd7 gxf4 30. Bxe6+ Kh8 31. gxf4 Bh6 32. Nf7+ Kg7 33. Nxh6
Kxh6 34. h3 Nf6 35. Bxf5 Rg8+ 36. Rg2 1-0

[Event "XXXII Festival A"]
[Site "Arco ITA"]
[Date "2010.10.22"]
[Round "7"]
[White "Wagner, Frank"]
[Black "Carrozza, Gregorio"]
[Result "1-0"]
[WhiteElo "1919"]
[BlackElo "1667"]
[PlyCount "65"]
[EventDate "2010.10.16"]

1. Nf3 Nf6 2. g3 g6 3. Bg2 Bg7 4. O-O O-O 5. d3 d5 6. Nbd2 Nbd7 7. c4 c6 8. Rb1
a5 9. a3 a4 10. b4 axb3 11. Nxb3 dxc4 12. dxc4 Ng4 13. h3 Nge5 14. Nxe5 Nxe5
15. Qc2 Be6 16. Rd1 Qc8 17. c5 Bxh3 18. Nd4 Bxg2 19. Kxg2 Rd8 20. Qb3 Ng4 21.
Nf3 Qc7 22. Rxd8+ Rxd8 23. Ng5 e6 24. Nxe6 fxe6 25. Qxe6+ Qf7 26. Qxg4 Bd4 27.
Qf3 Qg7 28. Be3 Rf8 29. Qe4 Bxe3 30. Qxe3 g5 31. Rb4 h5 32. Qb3+ Kh7 33. Rxb7
1-0

[Event "XXXII Festival A"]
[Site "Arco ITA"]
[Date "2010.10.22"]
[Round "7"]
[White "Welz, Peter"]
[Black "De Santis, Alessio"]
[Result "0-1"]
[WhiteElo "2156"]
[BlackElo "2300"]
[PlyCount "144"]
[EventDate "2010.10.16"]

1. e4 b6 2. d4 Bb7 3. Bd3 Nf6 4. Nd2 Nc6 5. c3 e5 6. d5 Ne7 7. Ne2 Ng6 8. Nf3
c6 9. c4 Bc5 10. O-O O-O 11. b3 cxd5 12. cxd5 Re8 13. Bc2 Rc8 14. Bb2 b5 15.
Rc1 b4 16. Ng3 Qb6 17. h3 d6 18. Bd3 Nf4 19. Bc4 Rc7 20. Nh2 Bc8 21. Qf3 Bd7
22. Rc2 Ng6 23. Bc1 Nh4 24. Qe2 h6 25. Nh5 Nxh5 26. Qxh5 Ng6 27. g3 a5 28. Kg2
Ra7 29. Ng4 Qd8 30. Bd3 a4 31. f4 exf4 32. gxf4 axb3 33. axb3 Qh4 34. Qxh4
Nxh4+ 35. Kg3 Ng6 36. e5 Ne7 37. f5 Nxd5 38. f6 Bxg4 39. hxg4 Rxe5 40. Rf3 Nxf6
41. Bb2 Ne4+ 42. Kg2 Ree7 43. Rf4 Nf6 44. Bxf6 gxf6 45. Rxf6 Kg7 46. Rf5 Ra1
47. Re2 Rg1+ 48. Kh3 Rxe2 49. Bxe2 Rc1 50. Bc4 Rxc4 51. bxc4 b3 52. Rf3 b2 53.
Rb3 Bd4 54. Kg3 Kg6 55. Kf4 Be5+ 56. Ke4 f6 57. Kf3 f5 58. Rb8 fxg4+ 59. Kxg4
h5+ 60. Kf3 Kf5 61. Rf8+ Bf6 62. Rb8 h4 63. Rb4 Be5 64. Kg2 Bc3 65. Rb7 Kg4 66.
Rb8 h3+ 67. Kh2 Be5+ 68. Kh1 Kf3 69. Rb5 Ke2 70. Rb3 Kd2 71. Rb5 Kd3 72. Rd5+
Kc2 0-1

[Event "XXXII Festival A"]
[Site "Arco ITA"]
[Date "2010.10.22"]
[Round "7"]
[White "Ziltener, Werner"]
[Black "Mumelter, Igor"]
[Result "1-0"]
[WhiteElo "2116"]
[BlackElo "1839"]
[PlyCount "141"]
[EventDate "2010.10.16"]

1. Nf3 Nf6 2. g3 d5 3. Bg2 Bf5 4. O-O h6 5. d3 e6 6. c3 c6 7. Qb3 Qb6 8. Be3
Qxb3 9. axb3 a6 10. Nd4 Bh7 11. b4 Nbd7 12. b5 c5 13. Nb3 Rb8 14. c4 dxc4 15.
dxc4 Be4 16. Nc3 Bxg2 17. Kxg2 Be7 18. Rfd1 O-O 19. Ne4 Rfc8 20. Nxf6+ Nxf6 21.
Bf4 Ra8 22. bxa6 Rxa6 23. Rxa6 bxa6 24. f3 Kf8 25. Na5 Ke8 26. Nb7 Rc6 27. Nd6+
Bxd6 28. Bxd6 Nd7 29. Bf4 h5 30. h4 Ke7 31. Ra1 Rb6 32. Ra2 f6 33. Kf2 Rb4 34.
Bd2 Rxc4 35. Rxa6 Rd4 36. Bc3 Rd6 37. Ra7 Kf7 38. Rc7 Kg6 39. Ke3 Kf5 40. Kf2
g5 41. e4+ Kg6 42. Ke3 gxh4 43. gxh4 e5 44. Rc8 Kg7 45. f4 exf4+ 46. Kxf4 Ne5
47. Kf5 Nd7 48. Rc7 Kf7 49. Ra7 Rd1 50. e5 fxe5 51. Bxe5 Rf1+ 52. Kg5 Ke6 53.
Bc3 Rf5+ 54. Kh6 Rd5 55. Ra6+ Kf7 56. Rg6 Ne5 57. Rg5 Ng4+ 58. Kxh5 Rxg5+ 59.
hxg5 Nf2 60. g6+ Kg8 61. Kg5 Ne4+ 62. Kf5 Nd6+ 63. Ke6 Nc8 64. Kd7 Nb6+ 65. Kc6
Nc8 66. Kxc5 Ne7 67. g7 Kf7 68. Kd6 Ke8 69. Bf6 Ng8 70. Ke6 Ne7 71. b4 1-0

[Event "XXXII Festival A"]
[Site "Arco ITA"]
[Date "2010.10.23"]
[Round "8"]
[White "Ager, Josef"]
[Black "Camerini, Lorenzo"]
[Result "1/2-1/2"]
[WhiteElo "2194"]
[BlackElo "2100"]
[PlyCount "106"]
[EventDate "2010.10.16"]

1. Nf3 c5 2. c4 Nc6 3. Nc3 g6 4. g3 Bg7 5. Bg2 e6 6. O-O Nge7 7. Rb1 O-O 8. d3
b6 9. Bd2 Bb7 10. a3 d5 11. b3 h6 12. Qc1 Kh7 13. Rd1 Rc8 14. Qc2 Qd7 15. b4
Nd4 16. Qa2 dxc4 17. dxc4 cxb4 18. axb4 Nxf3+ 19. Bxf3 Bxf3 20. Bxh6 Qc6 21.
Bxg7 Kxg7 22. exf3 Qxc4 23. Qxc4 Rxc4 24. Rd7 Nc6 25. Nb5 Rxb4 26. Rxb4 Nxb4
27. Rxa7 Nd5 28. Nd6 Kf6 29. f4 Ne7 30. Rb7 Nd5 31. Kg2 Kg7 32. h4 Kg8 33. Nc4
Rc8 34. Nxb6 Nxb6 35. Rxb6 Rc3 36. g4 Kg7 37. Rb7 Ra3 38. f3 Rd3 39. Kg3 Rd5
40. Rb1 Ra5 41. Re1 Kf6 42. Rb1 Rd5 43. Rb7 Ra5 44. Rb8 Rd5 45. Rg8 Ra5 46. Rc8
Kg7 47. g5 Rd5 48. Rc2 Rd8 49. Rh2 Rh8 50. Kg4 Rh5 51. Ra2 Rh8 52. Ra1 Rh7 53.
Ra8 Rh5 1/2-1/2

[Event "XXXII Festival A"]
[Site "Arco ITA"]
[Date "2010.10.23"]
[Round "8"]
[White "Aigner, Georg"]
[Black "Klings, Peter"]
[Result "0-1"]
[WhiteElo "1986"]
[BlackElo "2185"]
[PlyCount "48"]
[EventDate "2010.10.16"]

1. e4 g6 2. d4 Bg7 3. Nf3 d6 4. h3 Nf6 5. Nc3 O-O 6. Be3 a6 7. a4 d5 8. exd5
Nxd5 9. Nxd5 Qxd5 10. c4 Qa5+ 11. Qd2 Qxd2+ 12. Nxd2 Nc6 13. Nf3 Nb4 14. Kd2 c5
15. Rd1 Rd8 16. Kc1 Bf5 17. b3 Bc2 18. Rd2 Bxb3 19. a5 Rac8 20. Be2 cxd4 21.
Nxd4 Bxc4 22. Kd1 Bxd4 23. Rxd4 Rxd4+ 24. Bxd4 Rd8 0-1

[Event "XXXII Festival A"]
[Site "Arco ITA"]
[Date "2010.10.23"]
[Round "8"]
[White "Astengo, Marcello"]
[Black "Nemeth, Gergely"]
[Result "0-1"]
[WhiteElo "2064"]
[BlackElo "1889"]
[PlyCount "74"]
[EventDate "2010.10.16"]

1. d4 e6 2. c4 f5 3. Nc3 Nf6 4. g3 c6 5. Bg2 d5 6. Nh3 Be7 7. O-O O-O 8. b3 Ne4
9. Bb2 Nd7 10. f3 Nxc3 11. Bxc3 Nf6 12. Nf2 Qc7 13. e4 b6 14. Qc2 Kh8 15. Bb2
Qd8 16. Rac1 Bb7 17. Rfe1 fxe4 18. fxe4 Rc8 19. Bh3 Bb4 20. Re2 dxc4 21. Qxc4
Qe7 22. Nd3 c5 23. a3 Ba5 24. dxc5 bxc5 25. Nf4 Rc6 26. Nxe6 Ba6 27. Qa4 Rxe6
28. Qxa5 Bxe2 29. Bxe6 Qxe6 30. Qxc5 Qb6 31. e5 Nd7 32. Qxb6 Nxb6 33. Rc7 Nd5
34. Rxa7 Rf1+ 35. Kg2 Ne3+ 36. Kh3 Bg4+ 37. Kh4 g5+ 0-1